Best Non-First Round 2025 NFL Draft Picks - Statistics

General Stats
  • This quiz has been taken 40 times
  • The average score is 11 of 17
Answer Stats
Team Player Position Round Pick % Correct
Patriots TreVeyon Henderson RB 2 38
97%
Browns Shedeur Sanders QB 5 144
93%
Browns Quinshon Judkins RB 2 36
86%
Giants Cam Skattebo RB 4 105
79%
Browns Harold Fannin Jr. TE 3 67
79%
Broncos RJ Harvey RB 2 60
79%
Browns Carson Schwesinger LB 2 33
69%
Titans Chimere Dike WR 4 103
66%
Seahawks Nick Emmanwori S 2 35
66%
Commanders Jacory Croskey-Merritt RB 7 245
59%
Bears Kyle Monangai RB 7 233
52%
Buccaneers Tez Johnson WR 7 235
52%
Titans Elic Ayomanor WR 4 136
45%
Chargers Oronde Gadsden II TE 5 165
41%
Seahawks Tory Horton WR 5 166
41%
Falcons Xavier Watts S 3 96
38%
Eagles Andrew Makuba S 2 64
10%
No matching quizzes found
Score Distribution
Percent of People with Each Score
Percentile by Number Answered
Your Score History
You have not taken this quiz